000 01313mam a2200301 a 4500
001 3246861
005 20151028113347.0
008 020321s2002 ilua b 001 0 eng
010 _a 2002278370
020 _a1577661958
035 _a(OCoLC)ocm49522580
040 _aDLC
_cDLC
_dOrLoB-B
043 _an-us---
050 0 0 _aHT123
_b.S53 1983
100 1 _aShannon, Thomas R.,
_d1945-
_920622
245 1 0 _aUrban problems in sociological perspective /
_cThomas R. Shannon
250 _a4th ed.
260 _aNew York
_bRandom house
_cc2002.
300 _aviii, 289 p. :
_bill. ;
_c23 cm.
504 _aIncludes bibliographical references (p. 321-347) and index.
505 0 0 _g1.
_tOrigins of the Urban Crisis --
_g2.
_tPatterns of Regional and Metropolitan Growth --
_g3.
_tThe Nature of Urban Life: The Myth of the City --
_g4.
_tProblems of the Disadvantaged --
_g5.
_tHousing and Urban Decay --
_g6.
_tTransportation --
_g7.
_tUrban Political Systems --
_g8.
_tUrban Government: The Delivery of Services --
_g9.
_tUrban Problems in Other Societies --
_g10.
_tUrban Problems in Perspective.
650 0 _aCities and towns
_zUnited States.
_920623
650 0 _aSocial problems
_96331
700 1 _aKleniewski, Nancy.
_920624
700 1 _aCross, William M.
_920625
900 _bTOC
942 _2lcc
_cMONOGRAPH
999 _c123640
_d123640